LEADER 00406nab a2200145 i 4500 001 000000278983 003 CaOOAMICUS 005 20130418000000.0 008 130418n xx uu u0 0und r 013 $a30347 040 $aSeMil$bita 245 10$a[SENZA TITOLO]. 500 $aMärz 2013. 773 0 $t2013.$dTübingen : Mohr Siebeck, copyr. 2013.$w()219929 996 $6245$a[SENZA TITOLO]$9(OLS)http://semarc/title/354609 LEADER 01222nam a2200277 i 4500 001 000000214444 003 CaOOAMICUS 005 20151209000000.0 008 151209s1987 it u000 u ita u 013 $a193315 040 $aSeMil$bita 100 1 $aSternberg, Robert J.$0(OLS)http://semarc/name/76276 240 10$aBeyond IQ.$0(OLS)http://semarc/title/308957 245 10$aTeorie dell'intelligenza :$buna teoria tripolare dell'intelligenza umana /$cRobert J. Sternberg presentatore di Eliano Pessa. 260 $aMilano :$bBompiani,$c1987. 300 $aX, 525 p. ;$c22 cm. 490 0 $aStudi Bompiani 650 4$aIntelligenza - Sviluppo cognitivo.$0(OLS)http://semarc/subject/625 650 4$aIntelligenza.$0(OLS)http://semarc/subject/442 700 1 $aPessa, Eliano.$0(OLS)http://semarc/name/76277 830 0$aStudi Bompiani.$0(OLS)http://semarc/title/9531 850 $aSeMil 852 $aSeMil$W1$xVenegono$y1$m2O IV 386$j164866$B164866$CSeMilBibl$Z2$F209167 $81 961 $aLascito: Milani don Felice 996 $6245$aTeorie dell'intelligenza :$buna teoria tripolare dell'intelligenza umana$9(OLS)http://semarc/title/308956 996 $6260$aMilano :$bBompiani$9(OLS)http://semarc/publisher/29706